Nantes, Angers, Le Mans ou Laval ? - Statistiques

Statistiques générales
  • Ce quiz a été pris 1 075 fois
  • Le résultat moyen est 11 sur 20
Statistiques - réponses
Question Réponse % Correct
Pour laquelle de ces villes, LU est une Marque de biscuits emblématique ? NANTES
83%
La Nuit de l'Erdre est un festival de musique se tenant depuis 1998 à une trentaine de kilomètres au nord de cette ville, laquelle ? NANTES
82%
Laquelle de ces villes est également le nom d'une ville au Québec, située dans la banlieue de Montréal, de plus de 400 000 habitants ? LAVAL
78%
Quelle est la ville de naissance de l'écrivain Jules Verne ? NANTES
75%
Quelle ville abrite une grande salle de sports et spectacles nommée Antares ? LE MANS
70%
Quelle ville possède un des meilleurs clubs Français de Hockey sur glace (les Ducs) ? ANGERS
68%
De quelle ville Christophe Béchu, devenu ministre sous le gouvernement Elisabeth Borne I en 2022, est-il l'ancien maire ? ANGERS
66%
Dans quelle ville évolue le club de handball, ayant été finaliste de la Ligue des champions en 2018 ? NANTES
66%
Si on associe une de ces quatre villes au Lion, on obtient une commune, de quelle ville parle t on ? ANGERS
57%
A laquelle de ces villes la ligne droite des Hunaudières fait elle référence ? LE MANS
56%
Au nord de quelle ville L'île Saint Aubin est elle située ? ANGERS
49%
Depuis 1986, de quelle ville le club de Basket Ball joue t il le derby de l'ouest contre Cholet ? LE MANS
47%
Quelle est la ville de naissance du footballeur Pierre-Emerick Aubameyang LAVAL
45%
De quelle ville la cité gallo-romaine Vindunum (ou aussi Vindinum) est-elle le nom antique ? LE MANS
37%
Dans laquelle de ces villes, aucun club n'a jamais disputé de Coupe d'Europe de football ? LE MANS
34%
Dans quelle ville évolue le club vainqueur du championnat de France de Futsal 2023 ? LAVAL
33%
De quelle ville est originaire le groupe de pop rock Français Archimède ? LAVAL
33%
Laquelle de ces villes est surnommée l'Athènes de l'Ouest ? ANGERS
32%
Sur le blason de quelle ville figure un léopard d'or ? LAVAL
31%
Quelle ville a une superficie de 65,19 km² ? NANTES
20%
Aucun quiz correspondant
Distribution des résultats
% des personnes avec chaque résultat
Percentile par nombre de réponses
Votre historique - résultats
Vous n’avez pas pris ce quiz